00340nam a2200133Ia 4500008004000000020001500040082001600055100002300071245003400094250000500128260004000133300001000173650002300183210210b1990 xxu||||| |||| 00| 0 eng d a8170413516 a591.51 SINT aSINGH (Harjindra). aTextbook of animal behaviour. a aNew DelhibAnmol Publicationsc1990 ax,293 aAnimal Behaviour